CBRE UK monthly index (Record no. 110383)

MARC details
000 -LEADER
fixed length control field 01289cad a22002415a 4500
001 - CONTROL NUMBER
control field L149145
008 - FIXED-LENGTH DATA ELEMENTS--GENERAL INFORMATION
fixed length control field 100118s2010 xxkad f s 000 0 eng d
035 ## - SYSTEM CONTROL NUMBER
System control number (Sirsi) u149145
041 0# - LANGUAGE CODE
Language code of text/sound track or separate title eng
050 04 - LIBRARY OF CONGRESS CALL NUMBER
Classification number 333.33 $2 18
110 2# - MAIN ENTRY--CORPORATE NAME
Corporate name or jurisdiction name as entry element CB Richard Ellis
9 (RLIN) 3675
245 00 - TITLE STATEMENT
Title CBRE UK monthly index
Remainder of title January 2010
Medium [electronic resource]
260 ## - PUBLICATION, DISTRIBUTION, ETC.
Place of publication, distribution, etc. London
Name of publisher, distributor, etc. CBRE
Date of publication, distribution, etc. 2010
490 #0 - SERIES STATEMENT
Series statement CB Richard Ellis UK Monthly Index
Volume/sequential designation January 2010
520 ## - SUMMARY, ETC.
Summary, etc. Commercial property ended 2009 on an exceptionally strong note with total returns of 3.9% for December. On an annual basis property saw positive returns of 4%. All Property capital values rose by 3.3% over the month, the largest single month's growth in the index history, led by further strong performance of retail warehouses where intense investment demand meant capital values surged by a massive 6.1%. Central London offices also continued their strong performance in December.
521 ## - TARGET AUDIENCE NOTE
Target audience note Advanced
590 ## - LOCAL NOTE (RLIN)
Local note KA NTK
650 24 - SUBJECT ADDED ENTRY--TOPICAL TERM
Topical term or geographic name entry element CB RICHARD ELLIS UK MONTHLY INDEX
651 #4 - SUBJECT ADDED ENTRY--GEOGRAPHIC NAME
Geographic name United Kingdom
Chronological subdivision
690 ## - LOCAL SUBJECT ADDED ENTRY--TOPICAL TERM (OCLC, RLIN)
Topical term or geographic name as entry element PROPERTY-COMMERCIAL PROPERTY-COMMERCIAL PROPERTY MARKET
856 40 - ELECTRONIC LOCATION AND ACCESS
Uniform Resource Identifier <a href="https://www.cbre.co.uk/portal/page/portal/uk_en/research/">https://www.cbre.co.uk/portal/page/portal/uk_en/research/</a>
Public note View the report free of charge under find report at www.cbre.co.uk...
942 ## - ADDED ENTRY ELEMENTS (KOHA)
Suppress in OPAC 0
Holdings
Withdrawn status Lost status Source of classification or shelving scheme Damaged status Not for loan Home library Current library Shelving location Date acquired Total Checkouts Full call number Barcode Date last seen Copy number Price effective from Koha item type
    Dewey Decimal Classification     Virtual Virtual Online 18/01/2010   ONLINE PUBLICATION 149145-2001 06/08/2019 1 06/08/2019 Book